000 01250pam a2200337 a 4500
001 987726
005 20260701160637.0
008 860221t19861980nju b 000 0 eng
010 _a 86004125
020 _a0310511119
020 _a9780310511113
035 _a987726
040 _aDLC
_cDLC
_dDLC
050 0 0 _aBS680.M35
_bA22 1986
082 0 0 _a234/.165
_219
100 1 _aAdams, Jay E.
_d1929-
245 1 0 _aMarriage, divorce, and remarriage in the Bible /
_cJay E. Adams.
260 _a[Phillipsburg, N.J.] :
_bPresbyterian and Reformed Pub. Co. ;
_aGrand Rapids, Mich. :
_bMinistry Resources Library,
_c[1986], c1980.
300 _axv, 99 p. ;
_c22 cm.
490 1 _aThe Jay Adams library
504 _aIncludes bibliographical references.
583 _aCataloguing:
_c20260701
_kmketermketer
650 0 _aMarriage
_xBiblical teaching.
650 0 _aDivorce
_xBiblical teaching.
650 0 _aRemarriage
_xBiblical teaching.
800 1 _aAdams, Jay E.
_d1929-
_tJay Adams library.
856 4 2 _3Publisher description
_uhttp://www.loc.gov/catdir/enhancements/fy0633/86004125-d.html
906 _a7
_bcbc
_corignew
_d1
_eocip
_f19
_gy-gencatlg
942 _2lcc
_cBK
999 _c21739
_d21738